| 000 | 00570nam a2200169 4500 | ||
|---|---|---|---|
| 001 | 111360 | ||
| 003 | ES-MaACL | ||
| 005 | 20230906185304.0 | ||
| 007 | t| | ||
| 008 | 061121s1938 sp r ||||1| spa d | ||
| 100 | 1 |
_aNájera Angulo, Luis. _984870 |
|
| 245 | 1 | 3 |
_aLa lisis de los tripanosomas después de la muerte de un huesped / _cpor Luis Nájera Angulo. |
| 260 |
_a[s.l. : _bs.n.], _c1938 ( _fModerna) |
||
| 300 |
_a4 p. ; _c24 cm. |
||
| 500 | _aTirada aparte del ` Archivo Italianao de Science ...Anno XIX, fascicolo 10. | ||
| 852 |
_aES-MaACL _j1825-F-15 _bR.16799 |
||
| 999 |
_c111360 _d111360 |
||